00428nam a2200133 a 450000100100000000500170001000800410002704000250006808200160009310000250010924500480013426000820018230000300026400000871920200929161409.0090918s1927 dr c 000 0 spa d aDO-SdBNPbspacBNPHU axxxxbB585p1 aBidó, Amado Franco10aPáginas sencillas /cAmado Franco Bidó. aSantiago de los Caballeros, República Dominicana :bImp. L. H. Cruz,c1927. a104 p. :bretr. ;c22 cm.